01283cam a22003374i 4500003000900000005001700009008004100026035001900067040003300086082002300119100003000142245007900172264007100251300002800322336002100350337002500371338002300396505039000419526001000809526001000819526001000829526001000839526000800849526000800857526000800865526000800873526000800881526000800889526000800897630004000905PE-LiUPU20250731173139.0150623s r 000 0 d a(Sirsi) a27119 aPE-LiUPUbspacPE-LiUPUerda04a224.507 7bH222211 aHardinge, Leslie,eautor.10aJesus is my judge :bmeditations on the book of Daniel /cLeslie Hardinge. 1aHarrisburg, PA :bReview and Herald Publishing Association,c1996. a285 páginas ;c23 cm. atext2rdacontent aunmediated2rdamedia avolume2rdacarrier0 aIntroduction: Jesus in Daniel. Stories: Jesus in charge. Jesus Son of God. Jesus the divine watcher. Jesus the investigative Judge. Jesus the protector. Jesus in the answer. Jesus in Glory. Prophecies: Jesus the stone king. Jesus Son of man. Jesus the prince. Jesus the Messiah. Jesus the great warrior. Jesus is Michael. Endnotes: Notes. Appendix: Clues identifying the "little horn". aSEG42 aSEG41 aSEG40 aSEG39 aP94 aP87 aP86 aP85 aP77 aP76 aP35 aBiblia.pA.T.pDanielxComentarios.